| 000 | 01172cam a2200313 i 4500 | ||
|---|---|---|---|
| 001 | 41861 | ||
| 003 | Mx-PuUPA | ||
| 005 | 20250910115121.0 | ||
| 008 | 140415s2019 mx gr 000 0 spa d | ||
| 020 | _a9786077084853 | ||
| 040 |
_aMx-PuUPA _bspa _cMx-PuUPA _dMx-PuUPA _erda |
||
| 041 | 0 | _aspa | |
| 100 | 1 |
_aTenorio Cueto, Guillermo Antonio _eautor _915692 |
|
| 245 |
_aLa libertad de expresión en los noticiarios : _blos retos en tiempos electorales / _cGuillermo Antonio Tenorio Cueto |
||
| 250 | _a1a edición | ||
| 264 |
_aCiudad de México : _bTribunal Electoral del Poder Judicial de la Federación, _c2020 |
||
| 300 |
_a66 páginas ; _c22 cm |
||
| 336 |
_2rdacontent _atexto _btxt |
||
| 337 |
_2rdamedia _asin medio _bn |
||
| 338 |
_2rdacarrier _avolumen _bnc |
||
| 650 | 7 |
_2armarc _aLibertad de expresión _zMéxico |
|
| 650 | 7 |
_2armarc _aLibertad de prensa _zMéxico |
|
| 650 | 7 |
_2armarc _aPrensa y política _zMéxico |
|
| 942 |
_2ddc _cLI _h323.4450972 _iT28 |
||
| 999 |
_c41861 _d41861 |
||